La gestión de la Calidad en las Instituciones de educación superior. Tomo 2

Bibliographic Details
Main Authors: Almuiñas Rivero, José Luis, Galarza López Judith, Ramírez Danieska Megret
Format: Section = Libro
Language:Undetermined
Spanish
Published: Ecuador Universidad de La Habana 2018
Subjects:
LEADER 00875nam a2200289Ia 4500
008 240829s9999 xx 000 0 und d
020 |a 978-9942-17-041-5 
040 |a BIBLIOTECA-RUSB/ 378 A425 
041 |a spa 
082 |a 378 A425 
100 1 |a Almuiñas Rivero, José Luis 
100 1 |b Galarza López Judith 
100 1 |c Ramírez Danieska Megret 
245 1 0 |a La gestión de la Calidad en las Instituciones de educación superior. Tomo 2 
260 |a Ecuador  |b Universidad de La Habana  |c 2018 
300 |a 400 p. :il. 
650 7 |a EDUCACION SUPERIOR 
650 7 |b  INNOVACIÓN EDUCATIVA 
650 7 |c  GESTIÓN UNIVERSITARIA 
650 7 |d  GESTIÓN DE CALIDAD 
650 7 |e  GESTIÓN EDUCATIVA 
650 7 |f  EVALUACIÓN 
650 7 |g  ACREDITACIÓN 
650 7 |h  PLANIFICACIÓN ESTRATÉGICA 
942 |c BK  |2 ddc 
991 |a TEXTO 
999 |c 1158